21st century guide to increasing your reading speed / (Record no. 9754)
[ view plain ]
| 000 -LEADER | |
|---|---|
| fixed length control field | 01186cam a2200349 a 4500 |
| 001 - CONTROL NUMBER | |
| control field | 2567236 |
| 003 - CONTROL NUMBER IDENTIFIER | |
| control field | SISC |
| 005 - DATE AND TIME OF LATEST TRANSACTION | |
| control field | 20160401140110.0 |
| 008 - FIXED-LENGTH DATA ELEMENTS--GENERAL INFORMATION | |
| fixed length control field | 950221s1995 nyua 001 0 eng d |
| 010 ## - LIBRARY OF CONGRESS CONTROL NUMBER | |
| LC control number | 95141031 |
| 020 ## - INTERNATIONAL STANDARD BOOK NUMBER | |
| International Standard Book Number | 0440217245 (pbk.) : |
| Terms of availability | $5.99 |
| 035 ## - SYSTEM CONTROL NUMBER | |
| System control number | (OCoLC)32028251 |
| 040 ## - CATALOGING SOURCE | |
| Original cataloging agency | OCl |
| Transcribing agency | OCl |
| Modifying agency | DLC |
| 042 ## - AUTHENTICATION CODE | |
| Authentication code | lccopycat |
| 050 00 - LIBRARY OF CONGRESS CALL NUMBER | |
| Classification number | LB 1050.54 |
| Item number | .T971 1995 |
| 082 00 - DEWEY DECIMAL CLASSIFICATION NUMBER | |
| Classification number | HS 372.41 |
| Item number | T91 1995 |
| 245 00 - TITLE STATEMENT | |
| Title | 21st century guide to increasing your reading speed / |
| Statement of responsibility, etc | edited by the Princeton Language Institute ; Laurie E. Rozakis, compiler ; Ellen Lichtenstein, special consultant. |
| 246 3# - VARYING FORM OF TITLE | |
| Title proper/short title | Twenty-first century guide to increasing your reading speed |
| 260 ## - PUBLICATION, DISTRIBUTION, ETC. (IMPRINT) | |
| Place of publication, distribution, etc | New York : |
| Name of publisher, distributor, etc | Dell Pub., |
| Date of publication, distribution, etc | c1995. |
| 300 ## - PHYSICAL DESCRIPTION | |
| Extent | 228 p. : |
| Other physical details | ill. ; |
| Dimensions | 18 cm. |
| 440 #0 - SERIES STATEMENT/ADDED ENTRY--TITLE | |
| Title | 21st century reference |
| 9 (RLIN) | 14927 |
| 500 ## - GENERAL NOTE | |
| General note | Includes index. |
| 526 ## - STUDY PROGRAM INFORMATION NOTE | |
| Reading level | |
| 562 ## - COPY AND VERSION IDENTIFICATION NOTE | |
| Number of copies | |
| 650 #0 - SUBJECT ADDED ENTRY--TOPICAL TERM | |
| Topical term or geographic name as entry element | Speed reading. |
| 9 (RLIN) | 489 |
| 700 1# - ADDED ENTRY--PERSONAL NAME | |
| Personal name | Rozakis, Laurie. |
| 9 (RLIN) | 10157 |
| 710 2# - ADDED ENTRY--CORPORATE NAME | |
| Corporate name or jurisdiction name as entry element | Princeton Language Institute. |
| 9 (RLIN) | 14928 |
| 906 ## - LOCAL DATA ELEMENT F, LDF (RLIN) | |
| a | 7 |
| b | cbc |
| c | copycat |
| d | 2 |
| e | ncip |
| f | 19 |
| g | y-gencatlg |
| 942 ## - ADDED ENTRY ELEMENTS (KOHA) | |
| Source of classification or shelving scheme | Library of Congress Classification |
| Koha item type | Books |
| Withdrawn status | Lost status | Source of classification or shelving scheme | Damaged status | Home library | Current library | Shelving location | Date acquired | Total Checkouts | Full call number | Barcode | Checked out | Date last seen | Date checked out | Copy number | Price effective from | Koha item type |
|---|---|---|---|---|---|---|---|---|---|---|---|---|---|---|---|---|
| Library of Congress Classification | Luxembourg Library | Luxembourg Library | High School Section | 08/29/2013 | 1 | LB 1050.54 .T971 1995 | 4860 | 12/16/2025 | 12/09/2025 | 12/09/2025 | 1 | 10/03/2013 | Books |